| 000 | 00354cam a2200145ua 4500 | ||
|---|---|---|---|
| 041 |
_ahin _h |
||
| 082 |
_a891.43 _bANJ/AM |
||
| 100 | _aAnjay, . | ||
| 245 |
_aAmar vallari Anya kahaniyam / _cAnjhay. _hTextual Documents |
||
| 260 |
_aNew Delhi : _bSaraswathi Press , _c1954. |
||
| 300 | _a144 ; . | ||
| 504 | _a | ||
| 942 | _cBK | ||
| 999 |
_c12322 _d12322 |
||